Statistics for Countries That Produce The Most Disinfectants

Click here to take the quiz!

General Stats

  • This quiz has been taken 40 times
  • The average score is 12 of 15

Answer Stats

% Of Total ProducedCountry% Correct
6.31%China
100%
10.9%United States
97%
1.58%Italy
94%
4.00%Spain
94%
2.27%Canada
91%
5.27%France
91%
9.4%United Kingdom
91%
2.12%Mexico
89%
1.53%India
86%
15.2%Germany
83%
12.4%Belgium
80%
3.97%Netherlands
80%
5.17%Switzerland
69%
1,61%Ireland
66%
1.38%United Arab Emirates
34%

Score Distribution

Percentile by Number Answered

Percent of People with Each Score

Your Score History

You have not taken this quiz